States by Highest and Lowest Disposable Incomes - Statistics

General Stats
  • This quiz has been taken 70 times
  • The average score is 17 of 21
Answer Stats
Per Capita Disposable Income ($) State % Correct
63,133 California
92%
42,170 Mississippi
90%
45,248 Alabama
89%
45,882 Kentucky
87%
65,087 Washington
87%
46,922 Arkansas
85%
47,058 South Carolina
85%
49,340 Louisiana
84%
68,874 Massachusetts
84%
64,683 New Jersey
84%
67,460 Connecticut
82%
48,920 Georgia
82%
45,059 West Virginia
82%
63,339 North Dakota
79%
49,692 Idaho
77%
47,274 New Mexico
77%
62,277 Alaska
75%
63,328 Wyoming
75%
64,815 Colorado
74%
64,666 New Hampshire
74%
49,692 Michigan
72%
No matching quizzes found
Score Distribution
Percent of People with Each Score
Percentile by Number Answered
Your Score History
You have not taken this quiz